Sociálna dohoda v Belgicku.
Informácia o priebehu a výsledkoch kolektívneho vyjednávania v Belgicku. Participácia sociálnych partnerov na všetkých úrovniach rozhodovania. Informatívne dohody na najvyššej úrovni o novej legislatíve, predpisoch a úpravách. Štruktúrna dohoda - umožňuje pravidelné stretnutia sociálnych partnerov p...
Guardado en:
| Autor principal: | |
|---|---|
| Formato: | Capítulo de libro |
| Lenguaje: | eslovaco |
| Materias: | |
| Etiquetas: |
Sin Etiquetas, Sea el primero en etiquetar este registro!
|
MARC
| LEADER | 00000naa a2200000 4500 | ||
|---|---|---|---|
| 001 | r005271 | ||
| 005 | 20221125080802.3 | ||
| 041 | 0 | |a slo | |
| 044 | |a [CS] | ||
| 245 | 1 | 0 | |a Sociálna dohoda v Belgicku. |c F. Glváč |
| 520 | |a Informácia o priebehu a výsledkoch kolektívneho vyjednávania v Belgicku. Participácia sociálnych partnerov na všetkých úrovniach rozhodovania. Informatívne dohody na najvyššej úrovni o novej legislatíve, predpisoch a úpravách. Štruktúrna dohoda - umožňuje pravidelné stretnutia sociálnych partnerov pri konkrétnych predmetoch vyjednávania. Poradné a správne orgány. Charakteristika sociálnych partnerov. Charakteristika kolektívneho vyjednávania. | ||
| 610 | 2 | 0 | |a zmluvy kolektívne |
| 610 | 2 | 0 | |a odbory |
| 610 | 2 | 0 | |a Belgicko |
| 610 | 2 | 0 | |a spolurozhodovanie |
| 610 | 2 | 0 | |a vyjednávanie kolektívne |
| 100 | 1 | |a Glváč, F. | |